Rediseno del sistema de tuberias para la distribucion de vapor en la lavanderia del Hospital Mexico

Guardado en:
書目詳細資料
主要作者: Orias Torres, Jose Luis
格式: Tesis 圖書
語言:Undetermined
出版: 1998
主題:
> > > > TUBERIA
標簽: 添加標簽
沒有標簽, 成為第一個標記此記錄!

MARC

LEADER 00000nam a2200000Ia 4500
001 8810
008 140114s9999 xx 000 0 und d
100 |a Orias Torres, Jose Luis 
245 |a Rediseno del sistema de tuberias para la distribucion de vapor en la lavanderia del Hospital Mexico 
260 |c 1998 
500 |a NULL 
502 |a Escuela de ingenieria Mecanica 
650 |z TUBERIA 
999 |c 12478  |d 12478